Les nouveaux communistes chinois (notice n° 2005697)

détails MARC
000 -LEADER
fixed length control field 01506cam a2200145 4500500
005 - DATE AND TIME OF LATEST TRANSACTION
control field 20260329054656.0
041 ## - LANGUAGE CODE
Language code of text/sound track or separate title fre
042 ## - AUTHENTICATION CODE
Authentication code dc
100 10 - MAIN ENTRY--PERSONAL NAME
Personal name Duchâtel, Mathieu
Relator term author
245 00 - TITLE STATEMENT
Title Les nouveaux communistes chinois
260 ## - PUBLICATION, DISTRIBUTION, ETC.
Name of publisher, distributor, etc. Armand Colin,<br/>
Date of publication, distribution, etc. 2012.<br/>
520 ## - SUMMARY, ETC.
Summary, etc. À l´heure où la Chine, la deuxième puissance économique de la planète, nomme un nouveau dirigeant à la tête de son Parti, comment ne pas s´interroger sur son fonctionnement&amp;#8239;? Car tenir la Chine, c’est toujours tenir le Parti. Or que sait-on au juste sur son organisation et son recrutement&amp;#8239;? Avec ses 80 millions de membres, le Parti est à la fois la plus imposante organisation politique du monde, et l´une des plus opaques. Qui sont ces nouveaux membres&amp;#8239;? Pourquoi et comment adhèrent-ils&amp;#8239;? Croient-ils encore au marxisme-léninisme, à la lutte des classes&amp;#8239;?À partir d’une cinquantaine d´entretiens inédits, cet ouvrage explore le parcours de ces nouveaux membres. Il révèle l´inexorable dilution des critères idéologiques dans le recrutement, au profit d´une logique élitiste, fondée sur la cooptation.Mathieu Duchâtel est chercheur en sciences politiques au Stockholm International Peace Research Institute (SIPRI).Joris Zylberman est correspondant de France 24 à Pékin.
700 10 - ADDED ENTRY--PERSONAL NAME
Personal name Zylberman, Joris
Relator term author
856 41 - ELECTRONIC LOCATION AND ACCESS
Uniform Resource Identifier <a href="https://shs.cairn.info/les-nouveaux-communistes-chinois--9782200275143?lang=fr&redirect-ssocas=7080">https://shs.cairn.info/les-nouveaux-communistes-chinois--9782200275143?lang=fr&redirect-ssocas=7080</a>

Pas d'exemplaire disponible.

PLUDOC

PLUDOC est la plateforme unique et centralisée de gestion des bibliothèques physiques et numériques de Guinée administré par le CEDUST. Elle est la plus grande base de données de ressources documentaires pour les Étudiants, Enseignants chercheurs et Chercheurs de Guinée.

Adresse

627 919 101/664 919 101

25 boulevard du commerce
Kaloum, Conakry, Guinée

Réseaux sociaux

Powered by Netsen Group @ 2025